Loading...
| History - American | 4 | 3 | 0 | 0 | 90 | 25 | 66.14 | 2 | 7 | 0.00 | 0.00 |
| Short Fiction and Other | 2 | 1 | 0 | 0 | 40 | 69 | 96.00 | 0 | 3 | 0.00 | 0.00 |
| Social Science | 0 | 3 | 0 | 1 | 30 | 120 | 135.33 | 0 | 2 | 0.00 | 0.00 |
| Fine Arts - Other | 0 | 3 | 1 | 1 | 25 | 115 | 134.67 | 0 | 0 | 0.00 | 0.00 |
| Literature - Poetry | 0 | 3 | 1 | 1 | 25 | 93 | 122.67 | 1 | 1 | 0.00 | 0.00 |
| Literature - Drama | 0 | 2 | 0 | 1 | 20 | 108 | 132.50 | 0 | 0 | 0.00 | 0.00 |
| History - European | 1 | 1 | 1 | 1 | 20 | 58 | 103.00 | 0 | 1 | 0.00 | 0.00 |
| Literature - Long Fiction | 0 | 2 | 0 | 1 | 20 | 128 | 137.00 | 0 | 0 | 0.00 | 0.00 |
| Mythology | 0 | 2 | 0 | 0 | 20 | 104 | 111.50 | 0 | 1 | 0.00 | 0.00 |
| History - Ancient | 1 | 0 | 0 | 0 | 15 | 62 | 62.00 | 0 | 1 | 0.00 | 0.00 |
| Literature - Short Fiction | 1 | 0 | 0 | 0 | 15 | 42 | 42.00 | 1 | 1 | 0.00 | 0.00 |
| Fine Arts - Painting and Sculpture | 0 | 2 | 1 | 0 | 15 | 89 | 96.50 | 0 | 0 | 0.00 | 0.00 |
| Current Events | 1 | 0 | 0 | 0 | 15 | 35 | 35.00 | 1 | 1 | 0.00 | 0.00 |
| Philosophy | 1 | 1 | 3 | 0 | 10 | 57 | 80.50 | 1 | 2 | 0.00 | 0.00 |
| History - World | 1 | 1 | 4 | 0 | 5 | 42 | 60.50 | 1 | 1 | 0.00 | 0.00 |
| History - Other | 0 | 0 | 1 | 0 | -5 | 0.00 | 0 | 0 | 0.00 | 0.00 | |
| Other Academic | 0 | 0 | 2 | 0 | -10 | 0.00 | 0 | 0 | 0.00 | 0.00 |